| 000 | 00581nam a2200193 a 4500 | ||
|---|---|---|---|
| 005 | 20240815063731.0 | ||
| 008 | 171009s2009 mx r 000 0 spa d | ||
| 035 | _aUPN01000220770 | ||
| 049 | _aI | ||
| 050 | 4 |
_aQL751 _bE8.2 |
|
| 100 | 1 |
_aEsquivel Reed, Camilo _942782 |
|
| 245 | 1 | 3 |
_aLa curiosidad mostró al gato / _ctexto e il. Camilo Esquivel Reed. |
| 260 |
_aMéxico : _bLumen, _cc2009. |
||
| 300 |
_a31 p. : _bil. col. |
||
| 650 | 4 |
_aAnimales _xHábitos y comportamiento _91059 |
|
| 650 | 4 |
_aGATOS - _vLITERATURA INFANTIL _910191 |
|
| 905 | _aInfantil | ||
| 999 |
_c192869 _d192869 |
||